Chansons de Jacques Higelin - Statistiques

Statistiques générales
  • Ce quiz a été pris 8 fois
  • Le résultat moyen est 35 sur 215
Statistiques - réponses
Album Titre % Correct
Alertez les bébés ! 9 Alertez les bébés !
83%
Aux héros de la voltige 9 Aux héros de la voltige
83%
Champagne pour tout le monde... 1 Champagne
83%
Illicite 3 Illicite
83%
Irradié 5 Irradié
83%
Paradis païen 10 Paradis païen
83%
Tombé du ciel 5 Tombé du ciel
83%
13
67%
Coup de foudre 1 Coup de foudre
67%
11 La Croisade des enfants
67%
Amor Doloroso 9 Amor Doloroso
50%
Jacques Higelin chante Vian et Higelin 10 Cet Enfant Que Je T'Avais Fait
50%
Tombé du ciel 7 Chanson
50%
Alertez les bébés ! 8 Coup de blues
50%
Jacques Crabouif Higelin 1 I love the Queen
50%
Paradis païen 4 L'Accordéon désaccordé
50%
Irradié 7 La Fille au cœur d'acier
50%
Marie-José Casanova et Jacques Higelin chantent Boris Vian 9 L’Année à l’envers
50%
Jacques Higelin chante Vian et Higelin 11 L'Année à l'envers
50%
BBH 75 1 Paris-New York, N.Y.-Paris
50%
10 Adios
33%
Alertez les bébés ! 6 Aujourd'hui la crise !
33%
Coup de foudre 11 Aujourd'hui la crise
33%
Illicite 4 Ballade pour Izia
33%
No Man's Land 1 Banlieue boogie blues
33%
... Caviar pour les autres 6 Beau, beau ou laid
33%
Champagne pour tout le monde... 2 Cayenne c'est fini
33%
Paradis païen 1 Chambre sous les toits
33%
Higelin 75 1 Elle est si touchante
33%
Alertez les bébés ! 2 Géant Jones
33%
Coup de foudre 2 J'ai jamais su
33%
... Caviar pour les autres 5 Je ne peux plus dire je t'aime
33%
Jacques Crabouif Higelin 3 Je suis mort qui, qui dit mieux
33%
Marie-José Casanova et Jacques Higelin chantent Boris Vian 11 La Java des chaussettes à clous
33%
Jacques Higelin chante Vian et Higelin 6 La Java Des Chaussettes à Clous
33%
Marie-José Casanova et Jacques Higelin chantent Boris Vian 3 L’Âme slave
33%
Jacques Higelin chante Vian et Higelin 4 L'Âme Slave
33%
Champagne pour tout le monde... 6 L'Attentat à la pudeur
33%
Higelin et Areski 5 L'Ours
33%
... Caviar pour les autres 1 Mama Nouvelle Orléans
33%
9 Mamy
33%
Tombé du ciel 4 Parc Montsouris (à mon père)
33%
No Man's Land 2 Pars
33%
Amor Doloroso 1 Queue de paon
33%
Higelin et Areski 9 Remember
33%
Tombé du ciel 8 Tom Bombadilom
33%
16 Victoria
33%
Jacques Higelin chante Vian et Higelin 1 A Django
17%
Aux héros de la voltige 7 Adolescent
17%
Champagne pour tout le monde... 5 Ah là là quelle vie qu'cette vie
17%
Coup de foudre 8 Août put
17%
Tombé du ciel 9 Ballade pour Roger
17%
Irradié 10 Ballade pour un matin
17%
BBH 75 8 Boxon
17%
Tombé du ciel 3 Bras de fer
17%
8 Broadway
17%
Paradis païen 3 Broyer du noir
17%
Coup de foudre 10 Bye bye bye
17%
5 Cap'tain dodécaphonique dada
17%
Illicite 2 Ce qui est dit doit être fait
17%
Beau Repaire 12 Château de sable
17%
BBH 75 2 Cigarette
17%
... Caviar pour les autres 3 Ci-gît une star
17%
7 Coup de lune
17%
Illicite 7 Criez priez
17%
Amor Doloroso 7 Crocodaïl
17%
4 Cult Movie
17%
Champagne pour tout le monde... 4 Dans mon aéroplane blindé
17%
Alertez les bébés ! 10 Demain ça s'ra vachement mieux
17%
No Man's Land 3 Denise
17%
Coup de foudre 5 Égéries, muses et modèles
17%
Aux héros de la voltige 2 Électrocardiogramme plat
17%
Higelin '82 1 Encore une journée d'foutue
17%
BBH 75 5 Est-ce que ma guitare est un fusil ?
17%
Tombé du ciel 1 Follow the Line
17%
Amor Doloroso 6 Halloween
17%
Champagne pour tout le monde... 7 Hold Tight
17%
Aux héros de la voltige 4 Hot chaud
17%
Coup de foudre 7 Hôtel Terminus
17%
Amor Doloroso 3 Ice Dream
17%
Illicite 6 Il n'y a pas de nom (pour le repos de son âme)
17%
Jacques Higelin chante Vian et Higelin 12 Isabelle
17%
1 Jack in the Box
17%
Amor Doloroso 11 J'aime
17%
Alertez les bébés ! 4 Je veux cette fille
17%
Amor Doloroso 10 J't'aime telle
17%
Coup de foudre 6 Kyrie Eleison
17%
Beau Repaire 1 La Balade au bord de l'eau
17%
La Bande du Rex 1 La Bande du Rex
17%
Tombé du ciel 2 La Fuite dans les idées
17%
Jacques Higelin chante Vian et Higelin 9 La Grippe
17%
No Man's Land 8 L'Amour sans savoir ce que c'est
17%
Alertez les bébés ! 3 La Rousse au chocolat
17%
Paradis païen 5 La vie est folle
17%
Aux héros de la voltige 1 Le Berceau de la vie
17%
Tombé du ciel 10 Le Drapeau de la colère
17%
Alertez les bébés ! 1 Le Minimum
17%
Higelin 75 2 L'Emploi du temps
17%
Aux héros de la voltige 8 Le Naïf Haïtien
17%
Illicite 8 Les Ailes du silence
17%
No Man's Land 7 Les Robots
17%
Amor Doloroso 4 L'Hiver au lit à Liverpool
17%
Illicite 5 L'Homme Oiseau
17%
Tombé du ciel 11 L'Innocence
17%
Paradis païen 7 Luxe, Calme et Volupté
17%
BBH 75 3 Mona Lisa Klaxon
17%
Higelin '82 3 Nascimo
17%
BBH 75 7 Œsophage boogie, cardiac' blues
17%
Tombé du ciel 6 Poil dans la main
17%
Jacques Higelin chante Vian et Higelin 7 Priez Pour Saint-Germain Des prés
17%
Coup de foudre 3 Qu'est-ce qui se passe à la caisse ?
17%
Beau Repaire 5 Rendez-vous en Gare d'Angoulême
17%
Amor Doloroso 5 Se revoir et s'émouvoir
17%
Beau Repaire 4 Seul
17%
2 Slim Black Boogie
17%
Aux héros de la voltige 3 Sur la grande roue
17%
Tombé du ciel 12 Symphonie des droits de l'homme
17%
Champagne pour tout le monde... 3 Tête en l'air
17%
Jacques Crabouif Higelin 2 Tiens, j'ai dit tiens
17%
No Man's Land 4 Un aviateur dans l'ascenseur
17%
Paradis païen 2 Une tranche de vie
17%
Irradié 4 Un œil sur la bagarre
17%
Champagne pour tout le monde... 9 Vague à l'âme
17%
Illicite 1 We are the Show Men
17%
Higelin et Areski 3 13'40"5 10
0%
Higelin 75 8 À feu et à sang
0%
Inédits 1970 6 À moi les monstres
0%
Jacques Crabouif Higelin 4 Aujourd'hui blues
0%
... Caviar pour les autres 4 Avec la rage en d'dans
0%
La Bande du Rex 7 Ballast blues
0%
Higelin '82 9 Beauté crachée
0%
La Bande du Rex 3 Big Zig Zag for the Crazy Zazou
0%
Higelin '82 4 Boogie rouillé
0%
Inédits 1970 2 Buster K
0%
La Bande du Rex 6 Candide 80
0%
Champagne pour tout le monde... 8 Captain Bloody Samouraï
0%
La Bande du Rex 4 Caravan Gipsy Jam
0%
BBH 75 4 Chaud, chaud, bizness-show
0%
Higelin et Areski 8 Chope la soupape
0%
Marie-José Casanova et Jacques Higelin chantent Boris Vian 5 Dans mon lit
0%
Jacques Higelin chante Vian et Higelin 5 Dans Mon Lit
0%
Beau Repaire 2 Délire d'alarme
0%
Beau Repaire 6 Duo d'anges heureux
0%
La Bande du Rex 5 Duo pour une cavale
0%
... Caviar pour les autres 7 Entre deux gares
0%
Marie-José Casanova et Jacques Higelin chantent Boris Vian 8 Envole-toi
0%
La Bande du Rex 2 État de choc
0%
Beau Repaire 7 Être là, en vie
0%
6 Excès de zèle
0%
Coup de foudre 12 Expo photos
0%
3 Fiche anthropométrique
0%
Jacques Higelin chante Vian et Higelin 13 Fleur De Pavot
0%
Higelin 75 6 Habla quoi ?
0%
Beau Repaire 9 Hey Man
0%
Marie-José Casanova et Jacques Higelin chantent Boris Vian 7 Huit jours en Italie
0%
Jacques Higelin chante Vian et Higelin 8 Huit Jours En Italie
0%
Amor Doloroso 8 Ici, c'est l'enfer
0%
Marie-José Casanova et Jacques Higelin chantent Boris Vian 2 Il oublia d’oublier d’oublier
0%
Higelin '82 2 Jack au banjo
0%
Higelin et Areski 7 J'aurais bien voulu
0%
12 Je ne sais
0%
Marie-José Casanova et Jacques Higelin chantent Boris Vian 1 Je rêve
0%
Jacques Higelin chante Vian et Higelin 3 Je rêve
0%
Higelin et Areski 4 Je veux des coupables
0%
Higelin 75 3 J'fume
0%
Alertez les bébés ! 5 J'suis qu'un grain de poussière
0%
Higelin '82 7 La ballade de chez Tao
0%
Beau Repaire 10 La Joie de vivre
0%
Marie-José Casanova et Jacques Higelin chantent Boris Vian 6 L’Amour en cage
0%
Irradié 6 L'Ange et le Salaud
0%
Higelin '82 8 La Putain vierge
0%
14 Laura Lorelei
0%
No Man's Land 6 L… comme beauté
0%
Irradié 9 Le Courage de vivre
0%
Aux héros de la voltige 5 Le Dragon, le Tigre et la Geisha
0%
... Caviar pour les autres 8 Le Fil à la patte du caméléon
0%
Higelin 75 7 Le monde est fou
0%
Marie-José Casanova et Jacques Higelin chantent Boris Vian 10 Les Pirates
0%
No Man's Land 5 Lettre à la p'tite amie de l'ennemi public n° 1
0%
Paradis païen 8 L'Héritière de Crao
0%
Irradié 8 L'Hymne aux paumés
0%
Inédits 1970 5 L'idiot
0%
Higelin et Areski 1 L'inutile
0%
Higelin '82 6 Lobotomie/autonomie
0%
Higelin 75 4 Loco Loco
0%
Higelin 75 5 Lonesome Bad Boy
0%
Higelin '82 5 Manque de classe
0%
La Bande du Rex 8 Mégalo Mélodie
0%
Irradié 3 Mon portrait dans la glace
0%
Jacques Crabouif Higelin 5 Musique rituelle du Mont des Abbesses (XXe siècle - XVIIIe arrondissement)
0%
Coup de foudre 4 New Orleans
0%
Inédits 1970 3 Nini
0%
Irradié 2 Oh fais-moi l'amour
0%
... Caviar pour les autres 10 On a Rainy Sunday Afternoon
0%
Beau Repaire 8 Pour une fois
0%
Amor Doloroso 2 Prise de bec
0%
Jacques Higelin chante Vian et Higelin 2 Quand j'improvise sur mon piano
0%
... Caviar pour les autres 9 Rappelle-moi
0%
Alertez les bébés ! 7 Rien
0%
Paradis païen 6 Rififi
0%
Irradié 1 Rock in chair
0%
Inédits 1970 1 Sa dernière cigarette
0%
15 Serre-moi
0%
Inédits 1970 4 Seul dans notre chambre
0%
Higelin et Areski 2 Signalétique
0%
Higelin et Areski 6 Six Pieds en l'air
0%
Marie-José Casanova et Jacques Higelin chantent Boris Vian 12 Ta peau contre ma peau
0%
Beau Repaire 11 Tomorrow Morning
0%
... Caviar pour les autres 2 Trois tonnes de TNT
0%
Aux héros de la voltige 6 Trou noir
0%
Beau Repaire 3 Tu m'as manqué
0%
BBH 75 6 Une mouche sur ma bouche
0%
Coup de foudre 9 Valse MF
0%
Paradis païen 9 Y a pas de mot
0%
Marie-José Casanova et Jacques Higelin chantent Boris Vian 4 Yeroum o yeroum
0%
Aucun quiz correspondant
Distribution des résultats
% des personnes avec chaque résultat
Percentile par nombre de réponses
Votre historique - résultats
Vous n’avez pas pris ce quiz